00984nam a2200265Ia 4500003000400000005001700004008004100021020001800062040001900080041000800099082002300107100002300130245007300153250002800226260004100254300002500295650002200320650002500342650003200367650004000399700003100439942003200470999001900502952019700521OSt20240405115048.0210716s2004 xx 000 0 und d a9781292314402 cAIMIT LIBRARY  aeng a658.4092 29bYUKG aYukl, Gary.929727 aLeadership in organizations /cBy Gary Yukl, William L. Gardner III. a9th ed.bGlobal Edition aLondon :bPearson Education ,c2004. axix,556p. ;c23.3 cm aLeadership929728 aOrganizations929729 aLeadership behavior.929730 aDevelopment leadership skill929731 aGardner, William L.929732 2ddccBKe9thk658.4092 YUKG c222407d222407 00102ddc40708MBAaAIMITbAIMITd2022-03-24eBiblios Book Pointg6035.34i Bill no:6621 dt: 2022-03-24l1o658.4092 YUKGpMBA14359r2026-05-23 00:00:00s2024-06-04v4828.19w2022-04-12yBK